|
|
|
|
| LEADER |
00000nam a22000007a 4500 |
| 005 |
20141010011740.0 |
| 007 |
cr|||| |||| |
| 008 |
141010s2014 br |||||s|||| 00||0 por d |
| 020 |
|
|
|a 978-85-361-3024-8
|
| 035 |
|
|
|a 12449
|
| 040 |
|
|
|a vLex
|
| 090 |
|
|
|c 5216
|d 5216
|
| 100 |
1 |
|
|a de Oliveira, Francisco Antonio
|
| 245 |
1 |
0 |
|a Comentr̀ios aos Precedentes Normativos e s̉ Orientaė̳s Jurisprudenciais do TST
|h [Recurso electrn̤ico] /
|c Francisco Antonio de Oliveira
|
| 256 |
|
|
|a Servicio en ln̕ea
|
| 260 |
|
|
|a San Pablo:
|b LTR Editora,
|c 2014
|
| 300 |
|
|
|a 1 recurso electrn̤ico
|
| 506 |
1 |
|
|a Disponible solo en los productos indicados
|d vLex Global
|d vLex Global (Academic Edition, excluding Law Schools)
|d vLex Global (U.S. Academic Edition, Law Schools)
|d vLex Global (U.S. Academic Edition, excluding Law Schools)
|d vLex Global (Academic Edition, Law Schools)
|
| 650 |
0 |
4 |
|a Derecho Laboral y Seguridad Social
|z Brasil
|
| 650 |
0 |
4 |
|a Procedimiento Laboral
|z Brasil
|
| 740 |
0 |
|
|a vLex Libros (Servicio en ln̕ea)
|
| 856 |
4 |
0 |
|u http://vlex.com/source/comentarios-precedentes-normativos-orienta-es-jurisprudenciais-tst-12449
|z Acceso restringido
|
| 942 |
|
|
|c BOOK
|
| 999 |
0 |
|
|a Labor Law and Social Security
|
| 999 |
0 |
|
|a Labour Procedure
|